Proyecto de expansión y modernización del sistema de almacenamiento y conservación de granos básicos /
El Consejo Nacional de Producción (C.N.P.) con el fin de solucionar, a corto y mediano plazo, los problemas que se presentan en un sector del agro costarricense. En concreto, se trata de satisfacer algunas necesidades del sub-sector de granos básicos (arroz, frijoles, maíz y soya). El objetivo del p...
Guardat en:
| Autor corporatiu: | |
|---|---|
| Format: | Text |
| Idioma: | Spanish |
| Publicat: |
San José, Costa Rica:
Consejo Nacional de Producción,
1981
|
| Matèries: | |
| Etiquetes: |
Afegir etiqueta
Sense etiquetes, Sigues el primer a etiquetar aquest registre!
|
MARC
| LEADER | 00000 a a2200000 04500 | ||
|---|---|---|---|
| 001 | 13234 | ||
| 003 | cru CIDCACS/IIS | ||
| 005 | 20240814143633.0 | ||
| 008 | 240814b1981 cr ||||| |||| 00| 0 spa d | ||
| 020 | |a [Sin ISBN] | ||
| 040 | |a cru CIDCACS/IIS |b spa |c cru CIDCACS/IIS | ||
| 090 | |a 07.07.02 C755p | ||
| 110 | |a Consejo Nacional de Producción (Costa Rica) | ||
| 245 | |a Proyecto de expansión y modernización del sistema de almacenamiento y conservación de granos básicos / |c Consejo Nacional de Producción |h [impreso] | ||
| 260 | |a San José, Costa Rica: |b Consejo Nacional de Producción, |c 1981 | ||
| 300 | |a 182 páginas | ||
| 520 | |a El Consejo Nacional de Producción (C.N.P.) con el fin de solucionar, a corto y mediano plazo, los problemas que se presentan en un sector del agro costarricense. En concreto, se trata de satisfacer algunas necesidades del sub-sector de granos básicos (arroz, frijoles, maíz y soya). El objetivo del proyecto es resolver algunos inconvenientes que tienen los productores y los consumidores nacionales en lo referente al manejo y distribución y que redunden en beneficios para ambos. En el documento se analizan, respecto a los granos básicos, los aspectos sociales y económicos, la cuestión de los préstamos, la tierra cultivada, las importaciones y exportaciones, el financiamiento de proyectos, la comercialización de granos básicos y la deuda externa del C.N.P. LOB/mb | ||
| 650 | |a GRANOS BASICOS | ||
| 650 | |a ALMACENAMIENTO DE ALIMENTOS | ||
| 650 | |a SILOS | ||
| 650 | |a CONSERVACION DE ALIMENTOS | ||
| 650 | |a COMERCIALIZACION | ||
| 650 | |a COSTOS | ||
| 650 | |a FINANCIAMIENTO DE PROYECTOS | ||
| 650 | |a ASPECTOS ECONOMICOS | ||
| 650 | |a ASPECTOS SOCIALES | ||
| 650 | |a PRESTAMOS | ||
| 650 | |a CAPITAL DE OPERACIONES | ||
| 650 | |a EJECUCION DE PROYECTOS | ||
| 650 | |a RENTABILIDAD | ||
| 650 | |a GRANOS BASICOS | ||
| 650 | |a INVERSIONES | ||
| 650 | |a PRESTAMOS | ||
| 650 | |a PROYECTOS DE DESARROLLO | ||
| 650 | |a DEUDA EXTERNA | ||
| 650 | |a CONSUMO POR HABITANTE | ||
| 650 | |a PRODUCCION AGROPECUARIA | ||
| 650 | |a TIERRA CULTIVADA | ||
| 650 | |a IMPORTACIONES | ||
| 650 | |a EXPORTACIONES | ||
| 942 | |2 z |c LI |h 07.07.02 C755p |k 07.07.02 |m C755p |6 070702_C755P | ||
| 999 | |c 15169 |d 15169 | ||
